[Event "Vojvodina-chT 2nd League"]
[Site "Novi Sad"]
[Date "2018.11.13"]
[Round "6.4"]
[White "Adamov, Ivan"]
[Black "Ivancevic, Bozidar"]
[Result "1/2-1/2"]
[WhiteElo "2126"]
[BlackElo "2090"]
[PlyCount "74"]
[EventDate "2018.11.09"]
[EventType "team-tourn"]
[EventRounds "11"]
[EventCountry "SRB"]
[SourceTitle "CBM 187 Extra"]
[Source "ChessBase"]
[SourceDate "2018.11.04"]
[SourceVersion "1"]
[SourceVersionDate "2018.11.04"]
[SourceQuality "1"]
[WhiteTeam "Elemir Naftagas"]
[BlackTeam "Rastina Polet"]
[WhiteTeamCountry "SRB"]
[BlackTeamCountry "SRB"]

1. e4 g6 2. d4 Bg7 3. f4 d6 4. Nc3 c6 5. Be3 Nf6 6. Nf3 Bg4 7. Be2 Qa5 8. 0-0 0-0 9. Qe1 Na6 10. Qg3 Bxf3 11. Rxf3 c5 12. Rd1 cxd4 13. Bxd4 Nb4 14. Bd3 Nc6 15. Be3 Qb4 16. Bc1 a6 17. Kh1 b5 18. Qh4 Qc5 19. Rh3 b4 20. Nd5 h5 21. Nxf6+ Bxf6 22. Qg3 h4 23. Qe1 Kg7 24. Qf1 a5 25. Bc4 Nd4 26. Be3 Rac8 27. b3 e5 28. Qf2 Qa7 29. f5 Qe7 30. fxg6 fxg6 31. Qd2 Rh8 32. Rf1 Rcf8 33. c3 bxc3 34. Qxc3 Qc7 35. Qd2 a4 36. Rc1 axb3 37. axb3 Rc8 1/2-1/2

[Event "Vojvodina op 8th"]
[Site "Novi Sad"]
[Date "2017.07.16"]
[Round "1"]
[White "Adamov, Ivan"]
[Black "Atalik, Suat"]
[Result "0-1"]
[WhiteElo "2123"]
[BlackElo "2525"]
[PlyCount "94"]
[EventDate "2017.07.16"]
[EventType "swiss"]
[EventRounds "9"]
[EventCountry "SRB"]
[SourceTitle "CBM 180"]
[Source "ChessBase"]
[SourceDate "2017.09.13"]
[SourceVersion "1"]
[SourceVersionDate "2017.09.13"]
[SourceQuality "1"]

1. e4 e5 2. Nf3 Nc6 3. Bb5 a6 4. Ba4 Nf6 5. 0-0 Be7 6. Re1 b5 7. Bb3 d6 8. c3 0-0 9. h3 Nb8 10. d4 Nbd7 11. Nbd2 Bb7 12. Bc2 Re8 13. Nf1 Bf8 14. Ng3 g6 15. Nh2 d5 16. dxe5 Nxe5 17. f4 Bc5+ 18. Kh1 Nc4 19. e5 Bf2 20. Ne2 Bxe1 21. Qxe1 Ne4 22. Bxe4 dxe4 23. Ng4 e3 24. b3 Nd2 25. Nf6+ Kg7 26. Nxe8+ Qxe8 27. Bxd2 Qc6 28. Qg3 exd2 29. Rd1 Qd7 30. Qg5 Qd3 31. Ng3 Bf3 32. Nf5+ Qxf5 33. Qxf5 gxf5 34. gxf3 Rd8 35. Kg2 c5 36. Kf2 Kh6 37. Kg3 c4 38. bxc4 bxc4 39. Kf2 Kh5 40. h4 a5 41. Kg3 a4 42. Kf2 a3 43. Kg3 Rd7 44. Kf2 Rb7 45. Ke2 Rb2 46. Ra1 h6 47. Ke3 Rxa2 0-1

[Event "Vojvodina-ch 7th"]
[Site "Novi Sad"]
[Date "2016.07.20"]
[Round "8"]
[White "Dimitrov, Vladimir"]
[Black "Adamov, Ivan"]
[Result "1-0"]
[WhiteElo "2413"]
[BlackElo "2086"]
[PlyCount "75"]
[EventDate "2016.07.15"]
[EventType "swiss"]
[EventRounds "9"]
[EventCountry "YUG"]
[SourceTitle "CBM 173 Extra"]
[Source "ChessBase"]
[SourceDate "2016.08.29"]
[SourceVersion "1"]
[SourceVersionDate "2016.08.29"]
[SourceQuality "1"]

1. d4 Nf6 2. c4 g6 3. Nc3 Bg7 4. e4 d6 5. h3 0-0 6. Be3 e5 7. d5 a5 8. c5 Na6 9. cxd6 cxd6 10. Nf3 Nc5 11. Nd2 Ne8 12. h4 f5 13. h5 Nxe4 14. Ndxe4 fxe4 15. hxg6 Nf6 16. gxh7+ Kh8 17. Be2 Bd7 18. g4 Qc8 19. Rh4 b5 20. g5 b4 21. Nxe4 Nxe4 22. Rxe4 Qb7 23. Rc1 Rac8 24. Rxc8 Rxc8 25. Bg4 Bxg4 26. Rxg4 Qd7 27. b3 Rc3 28. Kf1 Qb5+ 29. Kg1 Rd3 30. Qc2 Rc3 31. Qg6 Qd7 32. Qe6 Qxe6 33. dxe6 Kxh7 34. e7 Rc8 35. g6+ Kg8 36. Rc4 Re8 37. Bg5 Bh8 38. Rc6 1-0

[Event "Vojvodina-ch 7th"]
[Site "Novi Sad"]
[Date "2016.07.16"]
[Round "2"]
[White "Adamov, Ivan"]
[Black "Todorovic, Nenad I"]
[Result "0-1"]
[WhiteElo "2086"]
[BlackElo "2306"]
[PlyCount "74"]
[EventDate "2016.07.15"]
[EventType "swiss"]
[EventRounds "9"]
[EventCountry "YUG"]
[SourceTitle "CBM 173 Extra"]
[Source "ChessBase"]
[SourceDate "2016.08.29"]
[SourceVersion "1"]
[SourceVersionDate "2016.08.29"]
[SourceQuality "1"]

1. e4 c5 2. Nf3 d6 3. d4 cxd4 4. Nxd4 Nf6 5. Nc3 a6 6. Bc4 e6 7. Bb3 b5 8. 0-0 Be7 9. Qf3 Qb6 10. Be3 Qb7 11. Qg3 b4 12. Na4 Nbd7 13. f3 0-0 14. Rfd1 Rb8 15. a3 bxa3 16. Rxa3 Ne5 17. Rda1 Qc7 18. Nc3 Nc4 19. Bxc4 Qxc4 20. Ra4 Qc7 21. Nb3 Rd8 22. Bd4 e5 23. Be3 d5 24. exd5 Nxd5 25. Nxd5 Rxd5 26. Qf2 h6 27. Qe2 Bd6 28. Qc4 Qxc4 29. Rxc4 Bd7 30. Nc5 Bb5 31. Rc3 Rc8 32. Ne4 Rd8 33. Rb3 Bf8 34. Nc3 Bc4 35. Rb7 R5d6 36. b3 Be6 37. Bb6 Rxb6 0-1

[Event "Vojvodina-ch 6th"]
[Site "Novi Sad"]
[Date "2015.07.26"]
[Round "4"]
[White "Jocev, Milan"]
[Black "Adamov, Ivan"]
[Result "1/2-1/2"]
[WhiteElo "2200"]
[BlackElo "2033"]
[PlyCount "71"]
[EventDate "2015.07.25"]
[EventType "swiss"]
[EventRounds "9"]
[EventCountry "YUG"]
[SourceTitle "CBM 167 Extra"]
[Source "ChessBase"]
[SourceDate "2015.09.14"]
[SourceVersion "1"]
[SourceVersionDate "2015.09.14"]
[SourceQuality "1"]

1. e4 c5 2. Nc3 Nc6 3. f4 d6 4. Nf3 g6 5. Bc4 Bg7 6. 0-0 e6 7. Bb5 Nge7 8. d3 0-0 9. Qe1 a6 10. Bxc6 Nxc6 11. Nd1 b5 12. Bd2 Bb7 13. Bc3 Nd4 14. Qf2 e5 15. Nxd4 cxd4 16. Bd2 f5 17. Qe2 fxe4 18. dxe4 Qe7 19. Nf2 exf4 20. Nd3 Qxe4 21. Qxe4 Bxe4 22. Rxf4 Rxf4 23. Bxf4 Rc8 24. Rc1 d5 25. Bd2 Bf8 26. Bf4 a5 27. Bd2 a4 28. a3 Bd6 29. Ne1 Kf7 30. h3 Bg3 31. Nd3 Ke6 32. Nb4 Bd6 33. Nd3 Bg3 34. Nb4 Bd6 35. Nd3 Bg3 36. Nb4 1/2-1/2

[Event "Vojvodina-ch 6th"]
[Site "Novi Sad"]
[Date "2015.07.25"]
[Round "1"]
[White "Adamov, Ivan"]
[Black "Drazic, Sinisa"]
[Result "0-1"]
[WhiteElo "2033"]
[BlackElo "2439"]
[PlyCount "94"]
[EventDate "2015.07.25"]
[EventType "swiss"]
[EventRounds "9"]
[EventCountry "YUG"]
[SourceTitle "CBM 167 Extra"]
[Source "ChessBase"]
[SourceDate "2015.09.14"]
[SourceVersion "1"]
[SourceVersionDate "2015.09.14"]
[SourceQuality "1"]

1. e4 d6 2. d4 Nf6 3. Nc3 e5 4. dxe5 dxe5 5. Qxd8+ Kxd8 6. Bg5 Be6 7. 0-0-0+ Nbd7 8. Nf3 Bd6 9. Bb5 Kc8 10. Rhe1 h6 11. Bh4 a6 12. Bf1 Re8 13. h3 b5 14. Kb1 Kb7 15. g4 Nh7 16. Nd5 Nb6 17. Ne3 f6 18. Nf5 Bf8 19. Nd2 Ng5 20. Bg3 Rad8 21. h4 Rxd2 22. Rxd2 Nf3 23. Red1 Nxd2+ 24. Rxd2 g6 25. Ne3 Bc5 26. Be2 Bxe3 27. fxe3 g5 28. Rd1 Kc6 29. Rf1 Nd7 30. b3 Kd6 31. h5 Ke7 32. Be1 c5 33. Bc3 Rb8 34. Bb2 Nb6 35. Bc3 Nc8 36. Bf3 b4 37. Bb2 Nd6 38. Rc1 c4 39. c3 cxb3 40. cxb4 bxa2+ 41. Ka1 Nc4 42. Bc3 Nxe3 43. Be1 Bxg4 44. Bxg4 Nxg4 45. Rc7+ Kd6 46. Rh7 Rc8 47. Kxa2 Rc1 0-1

[Event "Vojvodina-chT"]
[Site "Kac"]
[Date "2014.11.13"]
[Round "9.3"]
[White "Curakovic, Dragan"]
[Black "Adamov, Ivan"]
[Result "1/2-1/2"]
[WhiteElo "2140"]
[BlackElo "1947"]
[PlyCount "121"]
[EventDate "2014.11.08"]
[EventType "team-tourn"]
[EventRounds "11"]
[EventCountry "SRB"]
[SourceTitle "EXT 2017"]
[Source "ChessBase"]
[SourceDate "2016.10.25"]
[SourceVersion "1"]
[SourceVersionDate "2016.10.25"]
[SourceQuality "1"]

1. e4 c5 2. Nf3 d6 3. d4 cxd4 4. Nxd4 Nf6 5. Nc3 a6 6. a4 Nc6 7. Be2 e6 8. Be3 Be7 9. Qd2 0-0 10. f4 Qc7 11. 0-0 Na5 12. h3 b6 13. Qd3 Bb7 14. Nb3 Nxb3 15. cxb3 d5 16. e5 Nd7 17. Rac1 Bc5 18. b4 Bxe3+ 19. Qxe3 Qd8 20. Bd3 Qe7 21. Qd4 Rac8 22. Ne2 Rxc1 23. Rxc1 Rc8 24. Rxc8+ Bxc8 25. Qc3 Qd8 26. Nd4 Bb7 27. Kh2 Nb8 28. g3 Qd7 29. b3 h6 30. b5 a5 31. b4 axb4 32. Qxb4 Qc7 33. Bc2 g6 34. h4 h5 35. Kh3 Qc4 36. Qxc4 dxc4 37. g4 hxg4+ 38. Kxg4 Nd7 39. h5 gxh5+ 40. Kxh5 Nc5 41. Kg4 Be4 42. Bxe4 Nxe4 43. f5 Nc5 44. Kf4 exf5 45. Nxf5 Nxa4 46. Nd6 c3 47. Ke3 Kf8 48. Nf5 c2 49. Kd2 Nc3 50. Kxc2 Nxb5 51. Kb3 Ke8 52. Kc4 Nc7 53. Nd6+ Kf8 54. Nc8 b5+ 55. Kc5 Kg7 56. Nd6 Kg6 57. Kb4 Kg7 58. Nxb5 Nxb5 59. Kxb5 Kg6 60. Kc5 Kf5 61. Kd6 1/2-1/2

[Event "SRB-ch U18"]
[Site "Subotica"]
[Date "2014.04.19"]
[Round "3"]
[White "Adamov, Ivan"]
[Black "Milicevic, Matija"]
[Result "1-0"]
[WhiteElo "1924"]
[BlackElo "1877"]
[PlyCount "49"]
[EventDate "2014.04.17"]
[EventType "swiss"]
[EventRounds "9"]
[EventCountry "SRB"]
[SourceTitle "CBM 160 Extra"]
[Source "ChessBase"]
[SourceDate "2014.07.01"]
[SourceVersion "1"]
[SourceVersionDate "2014.07.01"]
[SourceQuality "1"]

1. e4 c5 2. Nf3 d6 3. d4 cxd4 4. Nxd4 Nf6 5. Nc3 a6 6. Bc4 e6 7. Bb3 Nbd7 8. f4 Qc7 9. Qe2 Nc5 10. e5 Nxb3 11. axb3 dxe5 12. fxe5 Nd7 13. Bf4 Nb6 14. 0-0 Bc5 15. Rad1 0-0 16. Ne4 Nd5 17. Bg3 Be7 18. c4 Nb4 19. Qh5 Qd8 20. Nf3 Qe8 21. Nfg5 h6 22. Nf6+ Bxf6 23. exf6 e5 24. fxg7 Kxg7 25. Bxe5+ 1-0